000 00341nam a22001457a 4500
020 _a978-8120417953
041 _aENG
100 _a.Swaminathan .M
245 _aHandbook of Food and Nutrition
250 _a5 Edition
260 _aBangalore
_bThe Bangalore Printing &publishng co,ltd
_c2012
300 _a372
650 _aAPE
856 _uAPE
999 _c11
_d11